| 000 | 00751nam a22002057a 4500 | ||
|---|---|---|---|
| 005 | 20170817154404.0 | ||
| 010 | _aENG-119714 | ||
| 020 |
_a9788193312803 _c650.00 |
||
| 035 | _aEN-103246 | ||
| 037 | _bDBAD/PUB | ||
| 082 | _a307.140954 | ||
| 100 | _aVerma, R.B.S. | ||
| 245 |
_aCommunity engagement, social responsibility and social work profession : : _cby R.B.S. Verma, Atul Pratap Singh [and] Jitender K. Verma _bemerging scope and prospects / |
||
| 260 |
_aNew Delhi _bAlterNotes Press _c2016 |
||
| 270 |
_a161/55, Hasrat Mohani Lane, Ghafoor Nagar Road Jamia Nagar, _bNew Delhi _e110025 |
||
| 300 |
_axiii,191p. _c22cm |
||
| 700 | _aAtul Pratap Singh | ||
| 700 | _aVerma, Jitendra k. | ||
| 942 |
_2ddc _cEN _h307.140954 _mVER |
||
| 999 |
_c143508 _d143508 |
||